[Event "Capablanca mem Mixto"]
[Site "La Habana CUB"]
[Date "2005.05.15"]
[Round "10.1"]
[White "Pazos Gambarrotti, Plinio"]
[Black "Hernandez, Tania"]
[Result "1-0"]
[WhiteElo "2421"]
[BlackElo "2227"]
[PlyCount "103"]
[EventDate "2005.05.06"]
[EventType "tourn"]
[EventRounds "1"]
[EventCountry "CUB"]
[EventCategory "3"]
[Source "lmi"]
[SourceDate "2005.05.22"]

1. d4 c5 2. e3 Nf6 3. Nf3 g6 4. Be2 Bg7 5. O-O cxd4 6. exd4 O-O 7. c4 d5 8. c5
b6 9. cxb6 Qxb6 10. Nc3 Nc6 11. h3 Rd8 12. Na4 Qb8 13. Be3 Ne4 14. a3 Na5 15.
b4 Nc4 16. Qc1 Nxe3 17. Qxe3 e6 18. Rab1 Bb7 19. Rfc1 e5 20. dxe5 Bxe5 21. Nxe5
Qxe5 22. Bd3 d4 23. Qe2 Qf4 24. Nc5 Nxc5 25. Rxc5 Re8 26. Qg4 Qd2 27. Qd1 Qf4
28. Qc1 Qf6 29. Qd2 Re7 30. Qg5 Qd6 31. Rcc1 Re5 32. Qd2 Rae8 33. Re1 Qd5 34.
Bf1 Kg7 35. Rxe5 Qxe5 36. Rc1 Re7 37. a4 a6 38. Rc5 Qe4 39. b5 axb5 40. axb5
Rd7 41. b6 Rd6 42. Rc4 Rxb6 43. Rxd4 Qe5 44. f4 Qc5 45. Kh2 Rb1 46. Rc4 Qd5 47.
Qc3+ Kh6 48. Qa3 Kg7 49. Qc3+ Kh6 50. Qh8 Qd6 51. Rd4 Qe7 52. Rd7 1-0

[Event "Capablanca mem Mixto"]
[Site "La Habana CUB"]
[Date "2005.05.15"]
[Round "10.2"]
[White "Perez, Angel"]
[Black "Pina, Sulennis"]
[Result "1-0"]
[WhiteElo "2406"]
[BlackElo "2330"]
[PlyCount "143"]
[EventDate "2005.05.06"]
[EventType "tourn"]
[EventRounds "1"]
[EventCountry "CUB"]
[EventCategory "3"]
[Source "lmi"]
[SourceDate "2005.05.22"]

1. e4 c5 2. Nf3 d6 3. d4 cxd4 4. Nxd4 Nf6 5. Nc3 Nc6 6. Bg5 e6 7. Qd2 a6 8.
O-O-O h6 9. Bf4 Bd7 10. Nxc6 Bxc6 11. Qe1 d5 12. exd5 Bxd5 13. Nxd5 Nxd5 14. c4
Nxf4 15. Rxd8+ Rxd8 16. g3 Ng6 17. Bg2 Rd7 18. Qa5 Bd6 19. c5 Bc7 20. Qa4 Ke7
21. Bxb7 Rhd8 22. Qxa6 Ne5 23. Be4 Rd4 24. Bc2 Rc4 25. Rd1 Rxc5 26. Rxd8 Kxd8
27. Kb1 Nc6 28. Be4 Nb4 29. Qa8+ Ke7 30. Qb7 Nd5 31. Bxd5 exd5 32. b4 Rc4 33.
Qxd5 Rxb4+ 34. Kc2 Bd6 35. f4 Rb8 36. Qc6 Rd8 37. a4 Rd7 38. Qe4+ Kd8 39. a5
Rc7+ 40. Kb3 Bc5 41. Qa8+ Ke7 42. Qb8 Bd6 43. Qb6 Kd7 44. a6 Bc5 45. Qb5+ Kd6
46. Qe8 f6 47. f5 Re7 48. Qc8 Ba7 49. Qf8 Kd7 50. Qa8 Kd6 51. Kc4 Rc7+ 52. Kb5
Rc5+ 53. Kb4 Rc7 54. Qd8+ Rd7 55. Qg8 Re7 56. Qf8 Kd7 57. Qa8 Kd6 58. Qd8+ Rd7
59. Qc8 Re7 60. Qc4 Re5 61. Qg8 Re7 62. Kc4 Rc7+ 63. Kd3 Re7 64. Kd2 Be3+ 65.
Ke2 Bc5+ 66. Kf3 Kc6 67. Kg4 Kb6 68. Qc8 Rc7 69. Qb8+ Kc6 70. Kh5 Bb6 71. Kg6
Kb5 72. Qxc7 1-0

[Event "Capablanca mem Mixto"]
[Site "La Habana CUB"]
[Date "2005.05.15"]
[Round "10.3"]
[White "Leon Hoyos, Manuel"]
[Black "Iturrizaga, Eduardo"]
[Result "1-0"]
[WhiteElo "2376"]
[BlackElo "2225"]
[PlyCount "43"]
[EventDate "2005.05.06"]
[EventType "tourn"]
[EventRounds "1"]
[EventCountry "CUB"]
[EventCategory "3"]
[Source "lmi"]
[SourceDate "2005.05.22"]

1. g3 Nf6 2. Bg2 d5 3. Nf3 h6 4. c4 dxc4 5. Qa4+ Nbd7 6. O-O e6 7. Qxc4 c5 8.
b3 Be7 9. Bb2 O-O 10. Qc2 Qc7 11. Nc3 a6 12. e4 Rd8 13. Rac1 Qb8 14. Rfe1 Ng4
15. d4 cxd4 16. Nxd4 Nde5 17. Red1 Qa7 18. h3 Bg5 19. hxg4 Bxc1 20. Rxc1 Qxd4
21. Nd5 Qd3 22. Qc7 1-0

[Event "Capablanca mem Mixto"]
[Site "La Habana CUB"]
[Date "2005.05.15"]
[Round "10.4"]
[White "Arribas, Maritza"]
[Black "Ramon, Vivian"]
[Result "1/2-1/2"]
[WhiteElo "2280"]
[BlackElo "2198"]
[PlyCount "50"]
[EventDate "2005.05.06"]
[EventType "tourn"]
[EventRounds "1"]
[EventCountry "CUB"]
[EventCategory "3"]
[Source "lmi"]
[SourceDate "2005.05.22"]

1. e4 e5 2. Nf3 Nc6 3. Bb5 a6 4. Ba4 Nf6 5. O-O Be7 6. Re1 b5 7. Bb3 d6 8. c3
O-O 9. h3 Na5 10. Bc2 c5 11. d4 Qc7 12. Nbd2 Nc6 13. a3 Ne8 14. b4 exd4 15.
cxd4 cxb4 16. d5 Bf6 17. Ra2 Nd4 18. axb4 Nxf3+ 19. Qxf3 Qc3 20. Qd3 Be5 21.
Bb2 Qxb4 22. Bxe5 dxe5 23. Rb1 Qc5 24. Rxb5 axb5 25. Rxa8 Nd6 1/2-1/2

[Event "Capablanca mem Mixto"]
[Site "La Habana CUB"]
[Date "2005.05.15"]
[Round "10.5"]
[White "Mascaro March, Pedro"]
[Black "Marrero, Yaniet"]
[Result "1-0"]
[WhiteElo "2389"]
[BlackElo "2291"]
[PlyCount "81"]
[EventDate "2005.05.06"]
[EventType "tourn"]
[EventRounds "1"]
[EventCountry "CUB"]
[EventCategory "3"]
[Source "lmi"]
[SourceDate "2005.05.22"]

1. d4 d5 2. c4 c6 3. Nf3 Nf6 4. cxd5 cxd5 5. Nc3 Nc6 6. Bf4 Bf5 7. e3 e6 8. Qb3
Bb4 9. Bb5 O-O 10. Bxc6 Bxc3+ 11. Qxc3 Rc8 12. Ne5 bxc6 13. O-O Ne4 14. Qa3 f6
15. Nf3 g5 16. Bg3 h5 17. h4 g4 18. Nh2 Rf7 19. Rfc1 Qf8 20. Qxf8+ Kxf8 21. Nf1
Rb7 22. b3 Ke7 23. f3 Nd6 24. Bxd6+ Kxd6 25. Ng3 Bg6 26. Rc3 gxf3 27. gxf3 a5
28. Kf2 a4 29. Ne2 Ra8 30. Nf4 Bf5 31. Rac1 Rb6 32. Nxh5 axb3 33. axb3 Rh8 34.
Nxf6 Rxh4 35. e4 dxe4 36. fxe4 Bg6 37. e5+ Ke7 38. Rg1 Kf7 39. Rf3 Bf5 40. Rfg3
Rh2+ 41. Ke1 1-0

[Event "Capablanca mem Mixto"]
[Site "La Habana CUB"]
[Date "2005.05.15"]
[Round "10.6"]
[White "Frois, Antonio"]
[Black "Ordaz Valdes, Lisandra"]
[Result "1-0"]
[WhiteElo "2356"]
[BlackElo "2252"]
[PlyCount "57"]
[EventDate "2005.05.06"]
[EventType "tourn"]
[EventRounds "1"]
[EventCountry "CUB"]
[EventCategory "3"]
[Source "lmi"]
[SourceDate "2005.05.22"]

1. e4 e5 2. Bc4 Nf6 3. d3 Be7 4. Nf3 Nc6 5. Bb3 O-O 6. Nbd2 d5 7. O-O dxe4 8.
dxe4 Bc5 9. c3 Qe7 10. Qe2 Bg4 11. h3 Bd7 12. Re1 Nh5 13. Nf1 Qf6 14. Bg5 Nf4
15. Bxf6 Nxe2+ 16. Rxe2 gxf6 17. Rd1 Be6 18. Bd5 a5 19. Ng3 Rfd8 20. Red2 Rab8
21. Nh4 Kf8 22. Nh5 Ke7 23. Ng7 Bxd5 24. exd5 Na7 25. Nh5 f5 26. Nxf5+ Kf8 27.
Nf6 h6 28. Rd3 Nb5 29. Rg3 1-0

[Event "Capablanca mem Mixto"]
[Site "La Habana CUB"]
[Date "2005.05.16"]
[Round "11.1"]
[White "Ordaz Valdes, Lisandra"]
[Black "Pazos Gambarrotti, Plinio"]
[Result "1/2-1/2"]
[WhiteElo "2252"]
[BlackElo "2421"]
[PlyCount "106"]
[EventDate "2005.05.06"]
[EventType "tourn"]
[EventRounds "1"]
[EventCountry "CUB"]
[EventCategory "3"]
[Source "lmi"]
[SourceDate "2005.05.22"]

1. d4 Nf6 2. Nf3 e6 3. Bg5 d5 4. e3 Nbd7 5. c4 c6 6. cxd5 exd5 7. Nc3 Be7 8.
Bd3 O-O 9. Qc2 Re8 10. h3 Nf8 11. Bh4 g6 12. O-O Ne6 13. Bxf6 Bxf6 14. b4 Ng7
15. Rab1 Bf5 16. Rfc1 a6 17. Na4 Bxd3 18. Qxd3 Nf5 19. Nc5 Nd6 20. a4 b5 21. a5
Nc4 22. Nd2 Be7 23. Ndb3 f5 24. Re1 Ra7 25. Qc3 Bd6 26. Rbd1 Qe7 27. Nd3 Qf8
28. Nbc5 h5 29. Qc2 Bb8 30. Qe2 f4 31. e4 dxe4 32. Nxe4 Rae7 33. Qf3 Qf5 34.
Nec5 Rxe1+ 35. Rxe1 Rxe1+ 36. Nxe1 Qb1 37. Qe2 Bd6 38. Nxa6 Kf7 39. Nc5 Bxc5
40. dxc5 Qxb4 41. Nd3 Qxa5 42. Ne5+ Nxe5 43. Qxe5 Qd8 44. Qxf4+ Kg7 45. Qe5+
Qf6 46. Qc7+ Kh6 47. Qd6 Kg7 48. Qc7+ Kh6 49. Qd6 Qc3 50. Qf4+ Kg7 51. Qc7+ Kh6
52. Qf4+ Kg7 53. Qc7+ Kh6 1/2-1/2

[Event "Capablanca mem Mixto"]
[Site "La Habana CUB"]
[Date "2005.05.16"]
[Round "11.2"]
[White "Marrero, Yaniet"]
[Black "Frois, Antonio"]
[Result "1/2-1/2"]
[WhiteElo "2291"]
[BlackElo "2356"]
[PlyCount "67"]
[EventDate "2005.05.06"]
[EventType "tourn"]
[EventRounds "1"]
[EventCountry "CUB"]
[EventCategory "3"]
[Source "lmi"]
[SourceDate "2005.05.22"]

1. e4 c5 2. Nf3 g6 3. c3 d5 4. exd5 Qxd5 5. d4 Bg7 6. Na3 Nf6 7. Bc4 Qe4+ 8.
Be3 O-O 9. O-O cxd4 10. Bxd4 Nc6 11. Re1 Qf5 12. Nb5 a6 13. Nc7 Rb8 14. Bxf6
Bxf6 15. Nd5 Rd8 16. Nxf6+ Qxf6 17. Qc1 b5 18. Bb3 Na5 19. Qe3 Nxb3 20. axb3
Rb7 21. Rad1 Rxd1 22. Rxd1 Rd7 23. Rxd7 Bxd7 24. b4 Bc6 25. Ne5 Qf5 26. h3 Bd5
27. Qd4 Be6 28. Kh2 Qc2 29. Nc6 Qxb2 30. Nxe7+ Kf8 31. Qd8+ Kg7 32. Qd4+ Kf8
33. Qd8+ Kg7 34. Qd4+ 1/2-1/2

[Event "Capablanca mem Mixto"]
[Site "La Habana CUB"]
[Date "2005.05.16"]
[Round "11.4"]
[White "Iturrizaga, Eduardo"]
[Black "Arribas, Maritza"]
[Result "1-0"]
[WhiteElo "2225"]
[BlackElo "2280"]
[PlyCount "73"]
[EventDate "2005.05.06"]
[EventType "tourn"]
[EventRounds "1"]
[EventCountry "CUB"]
[EventCategory "3"]
[Source "lmi"]
[SourceDate "2005.05.22"]

1. d4 Nf6 2. c4 d6 3. Nc3 Nbd7 4. e4 e5 5. Nf3 Be7 6. g3 O-O 7. Bg2 exd4 8.
Nxd4 Ne5 9. b3 Bg4 10. f3 Bd7 11. O-O Qc8 12. Bb2 Re8 13. Rc1 a6 14. Nd5 Bd8
15. Qd2 h6 16. Rce1 Nxd5 17. exd5 Bf6 18. f4 Ng6 19. Be4 Bh3 20. Rf2 Qd7 21.
Ne6 Bxb2 22. Qxb2 fxe6 23. Bxg6 Re7 24. Qe2 e5 25. f5 Rf8 26. Qh5 Rf6 27. g4
Bxg4 28. Qxg4 c6 29. Qe4 c5 30. Kh1 Qd8 31. Rg1 b5 32. cxb5 axb5 33. Rfg2 b4
34. Bh5 Qa8 35. Bf3 Kf8 36. Qh4 Qd8 37. Qxf6+ 1-0

[Event "Capablanca mem Mixto"]
[Site "La Habana CUB"]
[Date "2005.05.16"]
[Round "11.5"]
[White "Pina, Sulennis"]
[Black "Leon Hoyos, Manuel"]
[Result "0-1"]
[WhiteElo "2330"]
[BlackElo "2376"]
[PlyCount "42"]
[EventDate "2005.05.06"]
[EventType "tourn"]
[EventRounds "1"]
[EventCountry "CUB"]
[EventCategory "3"]
[Source "lmi"]
[SourceDate "2005.05.22"]

1. d4 Nf6 2. Nc3 c5 3. d5 g6 4. e4 d6 5. f4 Bg7 6. Nf3 O-O 7. Bc4 b5 8. Bxb5
Nxe4 9. Nxe4 Qa5+ 10. Nc3 Bxc3+ 11. bxc3 Qxb5 12. Kf2 Qc4 13. Re1 Re8 14. Bb2
Bb7 15. Ng5 Qxf4+ 16. Nf3 Nd7 17. Qd3 c4 18. Qd1 Nf6 19. Rb1 Bxd5 20. Bc1 Qf5
21. Rb5 Bxf3 0-1